Southville International School and Colleges
Your cart is empty.
  • Cart
  • Lists
    Public lists Eva Luna New books Lux_list list_1
    Your lists Log in to create your own lists
  • Log in to your account
  • Your cookies
  • Search history
Southville International School and Colleges
  • Advanced search
  • Recent comments
  • Most popular
  • Libraries

Log in to your account

Log in with GOOGLE


If you do not have an external account, but do have a local account, you can still log in:

  1. Home
  2. MARC view: The exceptional child :
Normal view MARC view ISBD view

The exceptional child : (Record no. 48606)

[ view plain ]
MARC details
000 -LEADER
fixed length control field 00794nam a2200217Ia 4500
008 - FIXED-LENGTH DATA ELEMENTS--GENERAL INFORMATION
fixed length control field 140321s9999 xx 000 0 und d
020 ## - INTERNATIONAL STANDARD BOOK NUMBER
International Standard Book Number 9781111342104
050 ## - LIBRARY OF CONGRESS CALL NUMBER
Classification number LC 4019.2
Item number .Al53 2012
100 ## - MAIN ENTRY--PERSONAL NAME
Personal name Allen, K. Eileen
245 #4 - TITLE STATEMENT
Title The exceptional child :
Remainder of title inclusion in early childhood education /
Statement of responsibility, etc K. Eileen Allen and Glynnis E. Cowdery.
250 ## - EDITION STATEMENT
Edition statement 7th ed.
260 ## - PUBLICATION, DISTRIBUTION, ETC. (IMPRINT)
Place of publication, distribution, etc California :
Name of publisher, distributor, etc Wadsworth Cengage Learning,
Date of publication, distribution, etc c2012.
300 ## - PHYSICAL DESCRIPTION
Extent 630 p. :
Other physical details ill. ;
Dimensions 26 cm.
500 ## - GENERAL NOTE
General note Includes bibliographic references and index.
521 ## - TARGET AUDIENCE NOTE
Target audience note
650 ## - SUBJECT ADDED ENTRY--TOPICAL TERM
Topical term or geographic name as entry element Children with disabilities
General subdivision Education (Preschool) -- United States.
650 ## - SUBJECT ADDED ENTRY--TOPICAL TERM
Topical term or geographic name as entry element Early childhood education
General subdivision United States.
650 ## - SUBJECT ADDED ENTRY--TOPICAL TERM
Topical term or geographic name as entry element Mainstreaming in education
General subdivision United States.
942 ## - ADDED ENTRY ELEMENTS (KOHA)
Call number prefix Foreign
Koha item type Books
Holdings
Withdrawn status Lost status Damaged status Home library Current library Shelving location Date acquired Total Checkouts Total Renewals Full call number Barcode Date last seen Date checked out Price effective from Koha item type
      College Library College Library Reserve Section 03/21/2014 1 11 LC 4019.2 .Al53 2012 C17889 12/01/2018 09/18/2018 03/21/2014 Books

The exceptional child :

APA

Allen K. E., . (2012). The exceptional child. California: Wadsworth Cengage Learning.

Chicago

Allen K Eileen, . 2012. The exceptional child. California: Wadsworth Cengage Learning.

Harvard

Allen K. E., . (2012). The exceptional child. California: Wadsworth Cengage Learning.

MLA

Allen K Eileen, . The exceptional child. California: Wadsworth Cengage Learning. 2012.

  • Place hold
  • Print
  • Cite
  • Add to your cart (remove)
  • Save record
    BIBTEX Dublin Core MARCXML MARC (non-Unicode/MARC-8) MARC (Unicode/UTF-8) MARC (Unicode/UTF-8, Standard) MODS (XML) RIS
  • More searches
    Search for this title in:
    Other Libraries (WorldCat) Other Databases (Google Scholar) Online Stores (Bookfinder.com) Open Library (openlibrary.org)

Exporting to Dublin Core...

SOUTHVILLE LIBRARY

Southville International School and Colleges Library

1281 Tropical Ave. Cor. Luxembourg St., BF Homes International, Las Pinas City

Tel. No. 8256374 / 252358 Loc. 117/146

Powered by Koha